000 00327nam a2200133Ia 4500
005 20260328104309.0
008 260328s9999||||xx |||||||||||||| ||und||
100 _aLimpias, Victor Hugo
245 0 _aPublic Spaces /
_cVictor Hugo Limpias
260 _bADU 2020
300 _a148 p.
650 _aESPACIO PUBLICO
942 _cBK
999 _c10881
_d10881